000 01108nam a22003497a 4500
001 000339
003 DO-SdBPM
005 20251106115658.0
007 ta
008 160629b2001 q ||| 00| 0 spa d
020 _a997801758
040 _aDO-SdBPM
_bspa
_cBPMSU
_erda
082 4 _a813.4
_bT969p 2001
_222
100 1 _a Twain, Mark
_eautor
245 1 3 _aEl príncipe y el mendigo /
_cMark Twain ; ilustración, Dioné Granda Luna
260 _b
_c
264 _a Quito Ecuador :
_bLibresa,
_c2001
300 _a141 páginas :
_bilustración ;
_c23 cm.
336 _atexto
_btxt
_2rdacontent
337 _asin mediación
_bn
_2rdamedia
338 _avolumen
_bnc
_2rdacarrier
490 0 _aClásicos universales
590 _aInventariado, 2025/VM
650 7 _a Corte y cortesanos
_vNovela
650 7 _aNovela juvenil estadounidense
650 7 _aPríncipes
_v Novela
700 1 _aGranda Luna, Dioné
_eilustración
910 _aVMateo V. Control de calidad. BPMSU
942 _2ddc
_cBK
945 _aInventariado infantil / 2017 VM
956 _2LOPEREZ
_310
_620160629
_8BPMSU
_a00041
999 _c10633
_d10633